000 00409nam a2200097Ia 4500
008 180130s9999 xx 000 0 und d
245 _cBarik, T.; Murphy-Hill, E.
_aA process for surviving survey design and sailing through survey deployment
260 _c2016
300 _aBook title: Perspectives on data science for software engineering--Acession number C20893; pages 213-222
650 _aSOFTWARE ENGINEERING
999 _c354318
_d354318